|
|
|
|
| LEADER |
00000nam0a2200000 4500 |
| 001 |
327829 |
| 005 |
20231102004011.0 |
| 035 |
|
|
|a (RuTPU)RU\TPU\book\353516
|
| 035 |
|
|
|a RU\TPU\book\353472
|
| 090 |
|
|
|a 327829
|
| 100 |
|
|
|a 20170206d1980 k y0rusy50 ca
|
| 101 |
0 |
|
|a rus
|
| 102 |
|
|
|a RU
|
| 105 |
|
|
|a a z 001zy
|
| 200 |
1 |
|
|a Вопросы физики взрыва и удара
|e [сборник]
|h Вып. 1
|f Московское высшее техническое училище им. Н. Э. Баумана (МВТУ) ; под ред. А. Ф. Овчинникова
|
| 210 |
|
|
|a Москва
|c Изд-во МВТУ
|d 1980
|
| 215 |
|
|
|a 121 с.
|c ил.
|
| 225 |
1 |
|
|a Труды МВТУ
|v № 312
|
| 320 |
|
|
|a Библиография в конце статей
|
| 606 |
1 |
|
|a Взрыв
|x Физика
|2 stltpush
|3 (RuTPU)RU\TPU\subj\51891
|9 70394
|
| 606 |
1 |
|
|a Удар, теория
|x (механика)
|2 stltpush
|3 (RuTPU)RU\TPU\subj\62945
|9 80000
|
| 610 |
1 |
|
|a пластические тела
|
| 610 |
1 |
|
|a динамическое деформирование
|
| 610 |
1 |
|
|a цилиндры
|
| 610 |
1 |
|
|a импульсное разрушение
|
| 610 |
1 |
|
|a давление
|
| 610 |
1 |
|
|a скорости
|
| 610 |
1 |
|
|a математическое моделирование
|
| 675 |
|
|
|a 533.7
|v 3
|
| 675 |
|
|
|a 531.6
|v 3
|
| 702 |
|
1 |
|a Овчинников
|b А. Ф.
|4 340
|
| 712 |
0 |
2 |
|a Московское высшее техническое училище им. Н. Э. Баумана (МВТУ)
|c (1943-1989)
|2 stltpush
|3 (RuTPU)RU\TPU\col\3064
|
| 801 |
|
1 |
|a RU
|b 63413507
|c 20110520
|
| 801 |
|
2 |
|a RU
|b 63413507
|c 20170207
|g RCR
|
| 942 |
|
|
|c BK
|